000 00404nam a2200157 i 4500
001 62148
003 ES-MaACL
005 20230906164621.0
007 t|
008 031118s1913 xxk ||||1| eng d
100 1 _aFay, C. R.
_949014
245 1 0 _aCopartnership in industry /
_cC.R. Fay.
260 _aCambridge :
_bUniversity Press,
_c1913.
300 _a146 p. ;
_c16 cm.
852 _aES-MaACL
_jD-3280
999 _c62148
_d62148